000 00599nam a2200241 a 4500
001 nice12345678
003 IN_TiNIC
005 20260116012320.0
008 050524s1990 dela grp 000 0 eng
020 _a8185394
_c990
082 0 0 _a745.619927
_bSID
100 _aSiddiqui, Atiq
245 _aStory of Islamic Calligraphy
260 _aDelhi
_bSarita Book House
_c1990
300 _a120p
500 _aincludes index and biblioraphy
505 2 _aBibliography
650 _aCalligraphy-Islamic
700 1 _aSiddiqui, Atiq
902 _bRHR
942 _cBK
999 _c6523
_d6523